INTRODUCTION TO SPECIAL EDUCATION (Record no. 216133)
[ view plain ]
| 000 -LEADER | |
|---|---|
| fixed length control field | 00514nam a22001937a 4500 |
| 008 - FIXED-LENGTH DATA ELEMENTS--GENERAL INFORMATION | |
| fixed length control field | 251003b |||||||| |||| 00| 0 eng d |
| 020 ## - INTERNATIONAL STANDARD BOOK NUMBER | |
| International Standard Book Number | 0-205-30008-1 |
| 050 ## - LIBRARY OF CONGRESS CALL NUMBER | |
| Classification number | LC 3981 .S65 1998 |
| Item number | C.1 |
| 100 ## - MAIN ENTRY--PERSONAL NAME | |
| Personal name | SMITH,DEBORAH DEUTSCH |
| 245 ## - TITLE STATEMENT | |
| Title | INTRODUCTION TO SPECIAL EDUCATION |
| 250 ## - EDITION STATEMENT | |
| Edition statement | THIRD |
| 260 ## - PUBLICATION, DISTRIBUTION, ETC. | |
| Place of publication, distribution, etc. | BOSTON |
| Name of publisher, distributor, etc. | ALLYN AND BACON |
| Date of publication, distribution, etc. | 1998 |
| 300 ## - PHYSICAL DESCRIPTION | |
| Extent | 640P |
| 500 ## - GENERAL NOTE | |
| General note | INCLUDES INDEX |
| 650 ## - SUBJECT ADDED ENTRY | |
| Topical term or geographic name entry element | Special education |
| 700 ## - ADDED ENTRY--PERSONAL NAME | |
| Personal name | SMITH, DEBORAH DEUTSCH |
| 942 ## - ADDED ENTRY ELEMENTS (KOHA) | |
| Source of classification or shelving scheme | Library of Congress Classification |
| Koha item type | Long Loan Book |
| Withdrawn status | Lost status | Source of classification or shelving scheme | Damaged status | Not for loan | Collection | Home library | Current library | Date acquired | Inventory number | Total checkouts | Full call number | Barcode | Date last seen | Date last checked out | Copy number | Price effective from | Koha item type |
|---|---|---|---|---|---|---|---|---|---|---|---|---|---|---|---|---|---|
| Library of Congress Classification | Arts & Social Sciences | Kisii University Library | Kisii University Library | 10/03/2025 | 61960 | 2 | LC 3981.S65 1998 C.1 | 021673 | 10/27/2025 | 10/14/2025 | C.1 | 10/03/2025 | Long Loan Book |